|
|
|
|
| LEADER |
01349nam a2200277 a 4500 |
| 001 |
14532288 |
| 003 |
BD-DhAAL |
| 008 |
090721s2005 bg a b i000 0 eng d |
| 010 |
|
|
|a 2006561709
|
| 040 |
|
|
|a DLC
|c DLC
|d DLC
|d BD-DhAAL
|
| 082 |
0 |
0 |
|a 382/.45687/095492
|2 22
|
| 245 |
0 |
0 |
|a End of MFA quotas :
|b key issues and strategic options for Bangladesh readymade garment industry.
|
| 246 |
3 |
|
|a End of multi fiber arrangement quotas
|
| 260 |
|
|
|a [Dhaka] :
|b World Bank Office, Dhaka,
|c 2005.
|
| 300 |
|
|
|a xiv, 82 pages :
|b illustrations ;
|c 29 cm.
|
| 490 |
0 |
|
|a Bangladesh development series ;
|v paper no. 2
|
| 500 |
|
|
|a "Document of the World Bank."
|
| 504 |
|
|
|a Includes bibliographical references (p. [55]-57).
|
| 526 |
|
|
|x Salim khan
Sr. program Associate
James P. Grant School.
Course name and no. N/A
|
| 541 |
1 |
|
|a A H Development publishing house
|e 00018467
|
| 650 |
|
0 |
|a Clothing trade
|z Bangladesh.
|
| 710 |
2 |
|
|a World Bank.
|b Bangladesh Dhaka Office.
|
| 852 |
4 |
|
|a School of Public Health
|j General Shelf.
|
| 942 |
|
|
|2 ddc
|c BK
|
| 999 |
|
|
|c 2640
|d 2640
|
| 952 |
|
|
|0 0
|1 0
|2 ddc
|4 0
|6 382_456870954920000_END
|7 0
|9 2407
|a JPGSPH
|b JPGSPH
|d 2009-08-28
|e A H Development Publishing House.
|g 7800.00
|l 0
|o 382.45687095492 END
|p 3060018467
|r 2009-07-22
|t 1
|w 2009-07-22
|y BK
|x Requisitioned by Salim khan, Sr. program Associate, James P. Grant School. Course name and no. N/A
|